000 00572nam a2200157Ia 4500
008 240821s9999 xx 000 0 und d
020 _a9789391270131
_qpbk
041 _aeng
082 _a300
_bHAY
100 _aHayes, Edward Cary
245 0 _aSociology and ethics
_cEdward Cry Hayes
_bthe facts of social life as the source of solutions for the theoretical and practical problems of ethics
260 _bMaxwell
_cc2023
_aChennai :
300 _aviii, 354 p. :
_c22 cm.
650 _aSociology; Art Moral and ethical aspects; sociology and ethical
942 _cENGLISH
999 _c522438
_d522438